ਜ਼ਿੰਦਗੀ ਦੀ ਤਾਸ਼ / (Record no. 55865)

MARC details
000 -LEADER
fixed length control field 00973nam a22002657a 4500
005 - DATE AND TIME OF LATEST TRANSACTION
control field 2011080406576.0
008 - FIXED-LENGTH DATA ELEMENTS--GENERAL INFORMATION
fixed length control field 090728t xxu||||| |||| 00| 0 pun d
010 ## - LCCN (DPL NO)
LC control number PUN-7025
020 ## - INTERNATIONAL STANDARD BOOK NUMBER
Terms of availability 100.00
International Standard Book Number 8176472255
035 ## - SYSTEM CONTROL NUMBER
System control number PN-6143
037 ## - SOURCE OF ACQUISITION
Source of stock number/acquisition DBAD / PUB
040 ## - CATALOGING SOURCE
Original cataloging agency dpl
Language of cataloging pn
082 ## - DEWEY DECIMAL CLASSIFICATION NUMBER
Classification number 854
100 ## - MAIN ENTRY--PERSONAL NAME
9 (RLIN) 24414
Personal name ਰਾਣਾ, ਰਣਜੀਤ ਸਿੰਘ
245 ## - TITLE STATEMENT
Title ਜ਼ਿੰਦਗੀ ਦੀ ਤਾਸ਼ /
Statement of responsibility, etc ਰਣਜੀਤ ਸਿੰਘ ਰਾਣਾ
246 ## - VARYING FORM OF TITLE
Title proper/short title Zindgi dee taash
Remainder of title by Ranjit Singh Rana
260 ## - PUBLICATION, DISTRIBUTION, ETC. (IMPRINT)
Place of publication, distribution, etc Ludhiana
Name of publisher, distributor, etc Lahore Book Shop
Date of publication, distribution, etc 2007
270 ## - ADDRESS
Address 2, Lajpat Rai market,
City Ludhiana (Pb)
Telephone number 2740738,6540738
300 4# - PHYSICAL DESCRIPTION
Extent 112ਸਫੇ.
Dimensions 22ਸੇਂਮੀ (ਸਜਿਲੱਦ)
600 ## - SUBJECT ADDED ENTRY--PERSONAL NAME
9 (RLIN) 31401
650 ## - SUBJECT ADDED ENTRY--TOPICAL TERM
9 (RLIN) 24431
700 ## - ADDED ENTRY--PERSONAL NAME
9 (RLIN) 33297
942 ## - ADDED ENTRY ELEMENTS (KOHA)
Source of classification or shelving scheme Dewey Decimal Classification
Item type Punjabi Bks
Classification part 854
Call number suffix ਰਾਣਾਰ
Holdings
Withdrawn status Lost status Source of classification or shelving scheme Damaged status Not for loan Collection code Home library Current library Date acquired Source of acquisition Cost, normal purchase price Total Checkouts Full call number Barcode Date last seen Copy number Cost, replacement price Koha item type
    Dewey Decimal Classification     Non-fiction D.B.Act.Division D.B.Act.Division 24/08/2011 DBAD/PUB 100.00   854 ਰਾਣਾਰ PN-6143 24/08/2011 1 100.00 Punjabi Bks

© Delhi Public Library
Hit Counter
free hit counter